000 00642cam a22002053a 4500
001 38688
003 PGUSA
005 20140828083843.0
008 120905s2012||||xxu|||||s|||||000 | eng d
040 _aPGUSA
_beng
042 _adc
100 1 _aDe Gubernatis, Angelo,
_d1840-1913
245 1 0 _aZoological Mythology (Volume II) ;
_bor, The Legends of Animals (Vol. II of II)
_h[electronic resource] /
_cAngelo De Gubernatis
260 _bProject Gutenberg,
_c2012
506 _aPublic domain in the USA.
516 _aElectronic text
830 0 _aProject Gutenberg
_v38688
856 4 0 _uhttp://www.gutenberg.org/ebooks/38688
942 _cEB
999 _c267942
_d267942